[Event "Valdivia op 2nd"]
[Site "Valdivia"]
[Date "2021.09.17"]
[Round "1"]
[White "Meza Gorrini, Francesco"]
[Black "Marrujo Pardo, Mauricio Emmanuel"]
[Result "1/2-1/2"]
[WhiteElo "1517"]
[BlackElo "1969"]
[PlyCount "280"]
[EventDate "2021.09.16"]
[EventType "swiss"]
[EventRounds "6"]
[EventCountry "CHI"]
[SourceTitle "CBM 204 Extra"]
[Source "ChessBase"]
[SourceDate "2021.11.30"]
[SourceVersion "1"]
[SourceVersionDate "2021.11.30"]
[SourceQuality "1"]

1. e4 e5 2. Nf3 Nc6 3. Bb5 a6 4. Ba4 d6 5. c3 f5 6. d4 fxe4 7. Ng5 exd4 8. 0-0 d5 9. Bxc6+ bxc6 10. Qxd4 Qf6 11. Qe3 h6 12. Nf3 Bd6 13. Ne1 Ne7 14. f3 0-0 15. Qe2 a5 16. c4 Ba6 17. Nd2 Bc5+ 18. Kh1 e3 19. Nb3 Bxc4 20. Nd3 Bb6 21. Bxe3 Bxe3 22. Qxe3 Nf5 23. Qd2 Qh4 24. Rfe1 a4 25. Nbc5 Rae8 26. Qf4 Qxf4 27. Nxf4 Nd4 28. Nfe6 Nc2 29. Nxf8 Rxf8 30. b3 axb3 31. axb3 Bb5 32. Rac1 Nxe1 33. Rxe1 d4 34. Rd1 Rd8 35. Kg1 Kf7 36. Kf2 Kf6 37. f4 g5 38. g3 Kf5 39. Kf3 gxf4 40. gxf4 d3 41. Rd2 Rd4 42. Ke3 Rxf4 43. Nxd3 Re4+ 44. Kf3 Rd4 45. Ke3 Re4+ 46. Kf3 Bxd3 47. Rxd3 Rb4 48. Rc3 Rf4+ 49. Kg3 Rb4 50. Kf3 Rb6 51. Rc5+ Kf6 52. Rc3 Ke5 53. Rd3 c5 54. Ke3 Rb4 55. Rc3 Kd5 56. Rd3+ Rd4 57. Rc3 Rh4 58. Rd3+ Ke5 59. Rd7 Rxh2 60. Rxc7 Kd5 61. Rd7+ Kc6 62. Rh7 Kb5 63. Kd3 Rh3+ 64. Kc2 Rh2+ 65. Kc3 Rh3+ 66. Kc2 Kc6 67. Rh8 Kd7 68. Rh7+ Ke6 69. Rc7 Kd6 70. Rh7 Ke5 71. Rc7 Kd4 72. Rd7+ Ke4 73. Rc7 Rh5 74. Kc3 Kd5 75. Rd7+ Ke6 76. Rc7 Rh3+ 77. Kc4 Kd6 78. Rh7 Kc6 79. Rh8 Rh4+ 80. Kc3 Rh1 81. Rc8+ Kb6 82. Rb8+ Kc7 83. Rh8 Rh4 84. Rh7+ Kc6 85. Rh8 Rh1 86. Rc8+ Kb6 87. Rb8+ Kc7 88. Rh8 Rh4 89. Rh7+ Kd6 90. Rh8 h5 91. Rd8+ Kc7 92. Rh8 Kd7 93. Rh6 Kc7 94. Rh7+ Kc6 95. Rh8 Rh1 96. Rc8+ Kd6 97. Rd8+ Kc7 98. Rh8 h4 99. Rh6 h3 100. Kb2 h2 101. Ka2 Kd7 102. Kb2 Ke7 103. Ka2 Kf7 104. Kb2 Kg7 105. Rh3 Kf6 106. Rh8 Ke6 107. Re8+ Kf6 108. Rh8 Ke5 109. Re8+ Kd6 110. Rd8+ Kc6 111. Rc8+ Kb7 112. Rh8 Ka7 113. Rh7+ Ka6 114. Rh6+ Kb5 115. Rh8 c4 116. bxc4+ Kc5 117. Rc8+ Kb4 118. Rb8+ Kc5 119. Rc8+ Kb4 120. Rb8+ Kxc4 121. Rh8 Kd4 122. Ka2 Kd5 123. Kb2 Ke6 124. Ka2 Kf6 125. Kb2 Kg7 126. Rh3 Kg6 127. Ka2 Kg5 128. Kb2 Kf4 129. Ka2 Kg4 130. Rh8 Kg3 131. Rg8+ Kh3 132. Rh8+ Kg3 133. Rg8+ Kf3 134. Rf8+ Ke4 135. Re8+ Kf5 136. Rh8 Kf4 137. Kb2 Kf3 138. Ka2 Rg1 139. Rxh2 Rg2+ 140. Rxg2 Kxg2 1/2-1/2

[Event "Pan American-ch Hybrid U12 31st"]
[Site "Tornelo INT"]
[Date "2021.09.04"]
[Round "2"]
[White "Marrujo Pardo, Mauricio Emmanuel"]
[Black "Salazar Hernandez, Benjamin"]
[Result "1-0"]
[WhiteElo "1969"]
[BlackElo "1141"]
[PlyCount "67"]
[EventDate "2021.09.04"]
[EventType "swiss"]
[EventRounds "9"]
[EventCountry "NET"]
[SourceTitle "EXT 2023"]
[Source "ChessBase"]
[SourceDate "2022.10.05"]
[SourceVersion "1"]
[SourceVersionDate "2022.10.05"]
[SourceQuality "1"]

1. e4 e5 2. Nc3 Nc6 3. Nf3 Bc5 4. Nxe5 Bxf2+ 5. Kxf2 Nxe5 6. d4 Nc6 7. Be3 d6 8. g3 Nf6 9. Be2 h5 10. Kg2 h4 11. Bg5 Qd7 12. h3 hxg3 13. h4 d5 14. Bxf6 gxf6 15. Nxd5 Qd6 16. Bf3 Bd7 17. b4 Kd8 18. b5 Ne7 19. e5 fxe5 20. dxe5 Qc5 21. Qd2 Nf5 22. Raf1 Bxb5 23. Qg5+ Ne7 24. Qxe7+ Qxe7 25. Nxe7 Kxe7 26. Rb1 Bc6 27. Bxc6 bxc6 28. Rb7 Kd7 29. Rd1+ Kc8 30. Rb4 Re8 31. Rf4 Rxe5 32. Rxf7 Re2+ 33. Kxg3 Rxc2 34. Rf8+ 1-0

[Event "South America-ch U20"]
[Site "Chess.com INT"]
[Date "2021.06.19"]
[Round "1"]
[White "Farias Jaque, Maximiliano"]
[Black "Marrujo Pardo, Mauricio Emmanuel"]
[Result "1/2-1/2"]
[WhiteElo "1395"]
[BlackElo "1933"]
[PlyCount "135"]
[EventDate "2021.06.19"]
[EventType "swiss"]
[EventRounds "7"]
[EventCountry "CHI"]
[SourceTitle "CBM 203 Extra"]
[Source "ChessBase"]
[SourceDate "2021.09.30"]
[SourceVersion "1"]
[SourceVersionDate "2021.09.30"]
[SourceQuality "1"]

1. e4 e5 2. Nf3 Nc6 3. d4 exd4 4. Bc4 Nf6 5. Ng5 Ne5 6. Bb3 h6 7. f4 hxg5 8. fxe5 Nxe4 9. Bd5 Nc5 10. 0-0 Ne6 11. Qf3 Qe7 12. Nd2 g4 13. Qxg4 Qh4 14. Qxh4 Rxh4 15. Nf3 Rh8 16. Ng5 Bc5 17. Kh1 c6 18. Bb3 Be7 19. Bxe6 dxe6 20. Bd2 b6 21. Nxf7 Rf8 22. Ng5 Bxg5 23. Rxf8+ Kxf8 24. Bxg5 c5 25. Rf1+ Kg8 26. Rf4 Bb7 27. Kg1 Bd5 28. a3 Bc6 29. g3 Ba4 30. b3 Bc6 31. Kf2 Bd5 32. Ke2 a5 33. a4 Bc6 34. Be7 Bb7 35. Bd6 Ba6+ 36. Kd2 Rc8 37. h4 b5 38. axb5 Bxb5 39. c3 dxc3+ 40. Kxc3 Kh7 41. Kc2 Kg6 42. Rf3 Bc6 43. Rc3 a4 44. Rxc5 Be4+ 45. Kb2 Rxc5 46. Bxc5 axb3 47. Kxb3 Kf5 48. Kc4 g6 49. Kd4 Bd5 50. Bb4 Kg4 51. Be1 Kf3 52. Kd3 Be4+ 53. Kd4 Bf5 54. Kc3 Ke4 55. Kd2 Kxe5 56. Ke3 Bg4 57. Bc3+ Kf5 58. Bd4 e5 59. Bc3 e4 60. Bb4 Bf3 61. Be1 Kg4 62. Bf2 Kh3 63. Kf4 Kg2 64. Be3 Kf1 65. g4 Ke2 66. h5 gxh5 67. gxh5 Bxh5 68. Kxe4 1/2-1/2